10th Largest City in Random Countries - Statistics

General Stats
  • This quiz has been taken 29 times
  • The average score is 3 of 10
Answer Stats
City Country % Correct
Kampong Chhnang Cambodia
100%
Kitchener Canada
100%
Xi'an China
100%
Pardubice Czech Republic
100%
Roskilde Denmark
100%
Bremen Germany
100%
Egilsstaðir Iceland
100%
Jaipur India
100%
Amara Iraq
100%
Jekabpils Latvia
100%
Schellenberg Liechtenstein
100%
Kota Kinabalu Malaysia
100%
Agadir Morocco
100%
Pathein Myanmar
100%
Santiago de Veraguas Panama
100%
Samara Russia
100%
Alicante Spain
100%
Leicester United Kingdom
100%
Jacksonville United States
100%
Saramacca Polder Suriname
67%
Pogradec Albania
50%
Catania Italy
50%
Doboj Bosnia and Herzegovina
25%
Lashkargah Afghanistan
0%
Biskra Algeria
0%
Arinsal Andorra
0%
Uige Angola
0%
Clare Hall Antigua and Barbuda
0%
San Juan Argentina
0%
Masis Armenia
0%
Central Coast Australia
0%
Dornbirn Austria
0%
Nakhchivan Azerbaijan
0%
Malkiya-Karzakan Bahrain
0%
Bogra Bangladesh
0%
Pinsk Belarus
0%
Leuven Belgium
0%
Bella Vista Belize
0%
Nikki Benin
0%
Samtse Bhutan
0%
Quillacollo Bolivia
0%
Mahalapye Botswana
0%
Goiania Brazil
0%
Masin Brunei
0%
Shumen Bulgaria
0%
Fada N'Gourma Burkina Faso
0%
Kirundo Burundi
0%
Buea Cameroon
0%
Santa Maria Cape Verde
0%
Bangassou Central African Republic
0%
Goz Beïda Chad
0%
Arica Chile
0%
Bello Colombia
0%
Mremani Comoros
0%
San Ramon de los Palmares Costa Rica
0%
Varazdin Croatia
0%
Artemisa Cuba
0%
Engomi Cyprus
0%
Kikwit Democratic Republic of the Congo
0%
Massacre Dominica
0%
La Vega Dominican Republic
0%
Manatutu East Timor
0%
Loja Ecuador
0%
Asyut Egypt
0%
Ilopango El Salvador
0%
Micomeseng Equatorial Guinea
0%
Ghinda Eritrea
0%
Sillamäe Estonia
0%
Simunye Eswatini
0%
Shashemene Ethiopia
0%
Uh Federated States of Micronesia
0%
Rakiraki Fiji
0%
Pori Finland
0%
Lille France
0%
Akanda Gabon
0%
Busumbala Gambia
0%
Khashuri Georgia
0%
Koforidua Ghana
0%
Chalkis Greece
0%
San Miguel Petapa Guatemala
0%
Kamsar Guinea
0%
Buba Guinea-Bissau
0%
Anna Regina Guyana
0%
Tabarre Haiti
0%
Danli Honduras
0%
Szombathely Hungary
0%
Makassar Indonesia
0%
Irmia Iran
0%
Naas Ireland
0%
Holon Israel
0%
Anyama Ivory Coast
0%
Linstead Jamaica
0%
Saitama Japan
0%
Sahab Jordan
0%
Semey Kazakhstan
0%
Karuri Kenya
0%
Orahovac Kosovo
0%
Kyzyl-Kiya Kyrgyzstan
0%
Phonhong Laos
0%
Nabatieh Lebanon
0%
Thaba-Tseka Lesotho
0%
Foya Liberia
0%
Ajdabiya Libya
0%
Jonava Lithuania
0%
Käerjeng Luxembourg
0%
Antalaha Madagascar
0%
Balaka Malawi
0%
Gamu Maldives
0%
San Mali
0%
San Gwann Malta
0%
Wotje Marshall Islands
0%
Aïoun Mauritania
0%
St. Pierre Mauritius
0%
Nezahualcoyotl Mexico
0%
Orhei Moldova
0%
Khovd Mongolia
0%
Rozaje Montenegro
0%
Gurue Mozambique
0%
Tsumeb Namibia
0%
Janakpur Nepal
0%
Haarlem Netherlands
0%
Porirua New Zealand
0%
Puerto Cabezas Nicaragua
0%
Tessaoua Niger
0%
Jos Nigeria
0%
Sunchon North Korea
0%
Gostivar North Macedonia
0%
Fredrikstad Norway
0%
Nizwa Oman
0%
Islamabad Pakistan
0%
Popondetta Papua New Guinea
0%
Fernando de la Mora Paraguay
0%
Chimbote Peru
0%
Baguio Philippines
0%
Bialystok Poland
0%
Agualva-Cacem Portugal
0%
Al Shahaniya Qatar
0%
Owando Republic of the Congo
0%
Ploiesti Romania
0%
Kayonza Rwanda
0%
La Tourney / Cedar Heights Saint Lucia
0%
Toamua Samoa
0%
Sao Joao dos Angolares São Tomé and Príncipe
0%
Khamis Mushait Saudi Arabia
0%
Tivaouane Peulh - Niaga Senegal
0%
Smeredevo Serbia
0%
Belombre Seychelles
0%
Lunsar Sierra Leone
0%
Poprad Slovakia
0%
Trbovlje Slovenia
0%
Tulagi Solomon Islands
0%
Vereeniging South Africa
0%
Goyang South Korea
0%
Bor South Sudan
0%
Kandy Sri Lanka
0%
El Fasher Sudan
0%
Lund Sweden
0%
Biel Switzerland
0%
Yarmouk Syria
0%
Zhubei Taiwan
0%
Panjakent Tajikistan
0%
Geita Tanzania
0%
Bang Pu Thailand
0%
Notse Togo
0%
Lapaha Tonga
0%
Penal Trinidad and Tobago
0%
El Mourouj Tunisia
0%
Mersin Turkey
0%
Magdanly Turkmenistan
0%
Teava Tuvalu
0%
Gulu Uganda
0%
Mykolaiv Ukraine
0%
Ad Dhaid United Arab Emirates
0%
Artigas Uruguay
0%
Margilon Uzbekistan
0%
Ciudad Bolivar Venezuela
0%
Vung Tau Vietnam
0%
Sadah Yemen
0%
Livingstone Zambia
0%
Chinhoyi Zimbabwe
0%
No matching quizzes found
Score Distribution
Percent of People with Each Score
Percentile by Number Answered
Your Score History
You have not taken this quiz